ARRUPE JESUIT UNIVERSITY

CORONAVIRUS -STOP THE SPREAD - CLEAN,DISINFECT,COVER

A love that dares to question : (Record no. 118204)

MARC details
000 -LEADER
fixed length control field 00998cam a22002774a 4500
001 - CONTROL NUMBER
control field 12687966
003 - CONTROL NUMBER IDENTIFIER
control field ARRUPE
005 - DATE AND TIME OF LATEST TRANSACTION
control field 20131001162949.0
008 - FIXED-LENGTH DATA ELEMENTS--GENERAL INFORMATION
fixed length control field 020227r20021998miu 000 0 eng
010 ## - LIBRARY OF CONGRESS CONTROL NUMBER
LC control number 2002019448
020 ## - INTERNATIONAL STANDARD BOOK NUMBER
International Standard Book Number 0802839584 (pbk. : alk. paper)
035 ## - SYSTEM CONTROL NUMBER
System control number (DLC) 2002019448
035 ## - SYSTEM CONTROL NUMBER
System control number (DLC)3954
040 ## - CATALOGING SOURCE
Original cataloging agency DLC
Transcribing agency DLC
Modifying agency DLC
042 ## - AUTHENTICATION CODE
Authentication code pcc
050 00 - LIBRARY OF CONGRESS CALL NUMBER
Classification number BX1779.5
Item number .H43 2002
300 ## - PHYSICAL DESCRIPTION
Dimensions 22 cm.
100 1# - MAIN ENTRY--PERSONAL NAME
Personal name Heaps, John.
9 (RLIN) 1940
245 12 - TITLE STATEMENT
Title A love that dares to question :
Remainder of title a bishop challenges his church /
Statement of responsibility, etc John Heaps.
260 ## - PUBLICATION, DISTRIBUTION, ETC. (IMPRINT)
Place of publication, distribution, etc Norwich
Name of publisher, distributor, etc Canterbury Press
Date of publication, distribution, etc 2001.
300 ## - PHYSICAL DESCRIPTION
Extent 119 p. ;
500 ## - GENERAL NOTE
General note Originally published: Richmond, Vic., Australia : Aurora Books, 1998.
610 20 - SUBJECT ADDED ENTRY--CORPORATE NAME
Corporate name or jurisdiction name as entry element Catholic Church
Form subdivision Controversial literature.
9 (RLIN) 1941
906 ## - LOCAL DATA ELEMENT F, LDF (RLIN)
a 7
b cbc
c orignew
d 1
e ocip
f 20
g y-gencatlg
942 ## - ADDED ENTRY ELEMENTS (KOHA)
Source of classification or shelving scheme Library of Congress Classification
Koha item type Monograph ( Printed materials)
Holdings
Withdrawn status Lost status Source of classification or shelving scheme Damaged status Not for loan Home library Current library Shelving location Date acquired Total Checkouts Full call number Barcode Date last seen Price effective from Koha item type
    Library of Congress Classification     ARRUPE LIBRARY ARRUPE LIBRARY Main Collection 01/10/2013   BX1779.5 .H43 2002 46411641 22/11/2017 01/10/2013 Monograph ( Printed materials)

 

Arrupe Library. PO Box MP320 Mt Pleasant, Harare, Zimbabwe
263 242 745411|librarian@aju.ac.zw